Punishment : theory and practice /

Bibliographic Details
Main Author: Tunick, Mark
Format: Book
Language:English
Published: Berkeley : University of California Press, [1992]
Subjects:

MARC

Tag First Indicator Second Indicator Subfields
LEADER 00000cam a2200000 a 4500
001 in00001109913
005 20150929213102.0
008 910827s1992 cau b 001 0 eng
010 |a  91032129  
020 |a 0520077377 
035 |a (OCoLC)24430873 
035 |9 AFU1796AM 
040 |a DLC  |c DLC  |d TXA  |d UtOrBLW 
049 |a TXAM 
050 0 0 |a K5103  |b .T86 1992 
082 0 0 |a 345/.077  |a 342.577  |2 20 
100 1 |a Tunick, Mark. 
245 1 0 |a Punishment :  |b theory and practice /  |c Mark Tunick. 
264 1 |a Berkeley :  |b University of California Press,  |c [1992] 
264 4 |c ©1992 
300 |a ix, 211 pages ;  |c 24 cm. 
336 |a text  |b txt  |2 rdacontent 
337 |a unmediated  |b n  |2 rdamedia 
338 |a volume  |b nc  |2 rdacarrier 
504 |a Includes bibliographical references and index. 
536 |a Dr. Paul P. Van Riper Collection, Department of Political Science. 
650 0 |a Punishment. 
999 |a MARS 
999 f f |s 8cf46534-a35d-3561-b652-c1e3ba5dd67c  |i 522adab1-6b7b-3a8b-83aa-23ef7cfe3f0f  |t 0 
952 f f |p ric  |a Texas A&M University  |b Rellis Campus  |c Joint Library Facility  |d Remote Storage  |t 0  |e K5103 .T86 1992  |h Library of Congress classification  |i unmediated -- volume  |m A14821287915 
998 f f |a K5103 .T86 1992  |t 0  |l Remote Storage